000 00743nam a2200229Ia 4500
001 10089
003 GE_BSU
008 181216s||||||||xx |||||||||||||| ||und||
040 _cGE_BSU
080 _a821.353.1–1
100 _aრურუა,პარმენ
245 _aწვეთები ზღვაში
245 _bლექსები
245 _cრედ. მ.ქოიავა..მხატვ.ი.გუკიევა
260 _aთბილისი
260 _bლიტერატურა და ხელოვნება
260 _c1965
300 _a76გვ.პორტრ.17სმ.
653 _aლექსები
653 _aწვეთები ზღვაში
942 _cBK
999 _c43361
_d43361